|
|
|
|
| LEADER |
00906nam a2200241 a 4500 |
| 001 |
13563048 |
| 008 |
090817s2004 enk b 001 0 eng d |
| 010 |
|
|
|a 2004049741
|
| 020 |
|
|
|a 052180051X (hardback)
|
| 020 |
|
|
|a 0521804868 (pbk.)
|
| 040 |
|
|
|a DLC
|c DLC
|d DLC
|
| 082 |
0 |
0 |
|a 410/.92
|2 22
|
| 245 |
1 |
4 |
|a The Cambridge companion to Saussure /
|c edited by Carol Sanders.
|
| 260 |
|
|
|a Cambridge ;
|a New York :
|b Cambridge University Press,
|c 2004.
|
| 300 |
|
|
|a xii, 303 p. ;
|c 23 cm.
|
| 504 |
|
|
|a Includes bibliographical references (p. 273-297) and index.
|
| 541 |
1 |
|
|e 00014457
|
| 600 |
1 |
0 |
|a Saussure, Ferdinand de,
|d 1857-1913.
|
| 650 |
|
0 |
|a Linguistics.
|
| 700 |
1 |
|
|a Sanders, Carol.
|
| 852 |
4 |
|
|a Ayesha Abed Library
|j General Shelf.
|
| 999 |
|
|
|c 3418
|d 3418
|
| 952 |
|
|
|0 0
|1 0
|2 ddc
|4 0
|6 410_920000000000000_CAM_2004
|7 0
|9 3104
|a BRACUL
|b BRACUL
|c GEN
|d 2009-09-01
|l 0
|o 410.92 CAM
|p 3010014457
|r 2009-09-01
|t 1
|w 2009-09-01
|y BK
|